Informácie a materiály pre riadenie a metodiku v JSK na Slovensku 172

Guardado en:
Detalles Bibliográficos
Formato: Libro
Lenguaje:eslovaco
Publicado: Martin Matica slovenská 1987
Colección:Metodika a propagácia
Etiquetas: Agregar Etiqueta
Sin Etiquetas, Sea el primero en etiquetar este registro!

MARC

LEADER 00000nam a2200000 4500
001 c024388
005 20260121100818.2
041 0 |a slo 
044 |a SK 
245 1 0 |a Informácie a materiály pre riadenie a metodiku v JSK na Slovensku 172 
264 1 |a Martin  |b Matica slovenská  |c 1987 
300 |a 128 s. 
490 1 |a Metodika a propagácia 
830 0 |a Metodika a propagácia